[Event "Kuala Lumpur UM KPT op"]
[Site "Kuala Lumpur"]
[Date "2016.12.18"]
[Round "8"]
[White "Lye, Jiun Yin"]
[Black "Cheong, Jie Yao"]
[Result "0-1"]
[WhiteElo "1605"]
[BlackElo "1622"]
[PlyCount "142"]
[EventDate "2016.12.16"]
[EventType "swiss"]
[EventRounds "9"]
[EventCountry "MAS"]
[SourceTitle "CBM 176 Extra"]
[Source "ChessBase"]
[SourceDate "2017.03.02"]
[SourceVersion "1"]
[SourceVersionDate "2017.03.02"]
[SourceQuality "1"]

1. e4 d5 2. exd5 Qxd5 3. Nc3 Qd6 4. d4 Nf6 5. Nf3 a6 6. Bd3 Nc6 7. 0-0 Bg4 8. h3 Bh5 9. Ne4 Nxe4 10. Bxe4 0-0-0 11. c3 e6 12. Qa4 Be7 13. Bxc6 Qxc6 14. Qxc6 bxc6 15. Ne5 Kb7 16. Be3 c5 17. dxc5 Rd5 18. c6+ Kc8 19. Nd7 Rd6 20. g4 Bg6 21. Ne5 Bf6 22. Nxg6 hxg6 23. Kg2 Rxc6 24. Rfd1 Rd6 25. Rxd6 cxd6 26. Rd1 Kc7 27. f4 Rb8 28. Rd2 Kc6 29. g5 Be7 30. c4 Rd8 31. Bd4 Bf8 32. b3 d5 33. cxd5+ Rxd5 34. Kf3 Bc5 35. Ke4 Bf8 36. Rc2+ Kb7 37. Be5 Rd7 38. Rc3 Bb4 39. Rd3 Rxd3 40. Kxd3 Bf8 41. h4 Kc6 42. Kc4 Bc5 43. Bxg7 Bf2 44. b4 Bxh4 45. a4 Bf2 46. b5+ axb5+ 47. axb5+ Kb7 48. Bd4 Be1 49. Be3 Ba5 50. Kd3 Bc7 51. Ke4 Bd6 52. Bd4 Bc7 53. Be5 Ba5 54. Kd3 Bb4 55. Kc4 Ba3 56. Bd4 Bd6 57. Be3 Be7 58. Bc5 Bd8 59. b6 Bxb6 60. Bxb6 Kxb6 61. Kd4 Kc6 62. Ke5 Kd7 63. Kf6 Ke8 64. Kg7 Ke7 65. Kg8 e5 66. fxe5 Ke6 67. Kg7 Kxe5 68. Kxf7 Kf5 69. Ke7 Kxg5 70. Ke6 Kf4 71. Kd5 g5 0-1

[Event "Kuala Lumpur UM KPT op"]
[Site "Kuala Lumpur"]
[Date "2016.12.17"]
[Round "4"]
[White "Azman Hisham, Mohd Nabil"]
[Black "Cheong, Jie Yao"]
[Result "1-0"]
[WhiteElo "1968"]
[BlackElo "1622"]
[PlyCount "103"]
[EventDate "2016.12.16"]
[EventType "swiss"]
[EventRounds "9"]
[EventCountry "MAS"]
[SourceTitle "CBM 176 Extra"]
[Source "ChessBase"]
[SourceDate "2017.03.02"]
[SourceVersion "1"]
[SourceVersionDate "2017.03.02"]
[SourceQuality "1"]

1. Nf3 Nf6 2. b3 b6 3. Bb2 c5 4. g3 Bb7 5. Bg2 g6 6. 0-0 Bg7 7. d3 d5 8. Nbd2 0-0 9. a3 Nc6 10. Ra2 Qc7 11. Qa1 d4 12. c3 e5 13. Rc1 Rad8 14. b4 Qe7 15. bxc5 bxc5 16. a4 Nd5 17. cxd4 exd4 18. Ne4 Ncb4 19. Ra3 Rc8 20. Bf1 f5 21. Ned2 Nc3 22. Raxc3 dxc3 23. Bxc3 Bxc3 24. Qxc3 Qf6 25. Qc4+ Bd5 26. Qb5 Qb6 27. Ne5 Qxb5 28. axb5 Rc7 29. e4 Bb7 30. d4 Re8 31. exf5 gxf5 32. Bh3 Nd5 33. Bxf5 cxd4 34. Re1 Ne3 35. Nd7 Rd8 36. fxe3 Rcxd7 37. Bxd7 Rxd7 38. e4 Re7 39. Ra1 Re5 40. Rxa7 Rxb5 41. Ra4 d3 42. Rd4 Re5 43. Rxd3 Ba6 44. Ra3 Bb7 45. Ra4 Bc6 46. Rc4 Bb5 47. Rd4 Bc6 48. Kf2 Kf7 49. Ke3 Rh5 50. Nf3 Ra5 51. Kf4 h6 52. Ne5+ 1-0

[Event "Kuala Lumpur UM KPT op"]
[Site "Kuala Lumpur"]
[Date "2016.12.16"]
[Round "1"]
[White "Cheong, Jie Yao"]
[Black "Razmi, Muhd Firdaus"]
[Result "1-0"]
[WhiteElo "1622"]
[BlackElo "1436"]
[PlyCount "69"]
[EventDate "2016.12.16"]
[EventType "swiss"]
[EventRounds "9"]
[EventCountry "MAS"]
[SourceTitle "CBM 176 Extra"]
[Source "ChessBase"]
[SourceDate "2017.03.02"]
[SourceVersion "1"]
[SourceVersionDate "2017.03.02"]
[SourceQuality "1"]

1. e4 c5 2. Nf3 e6 3. d4 cxd4 4. Nxd4 Nc6 5. Nc3 a6 6. Be3 Nf6 7. Be2 d5 8. exd5 Nxd5 9. Nxd5 Qxd5 10. Bf3 Qc4 11. Nxc6 bxc6 12. Qd4 Qxd4 13. Bxd4 Bb7 14. Bb6 Be7 15. 0-0-0 0-0 16. Rd7 Bg5+ 17. Kb1 Rfb8 18. Rhd1 h6 19. Ba5 Bf6 20. b3 Be5 21. Bc7 Bxc7 22. Rxc7 c5 23. Bxb7 Ra7 24. Rdd7 Rf8 25. f4 g6 26. h4 h5 27. Kc1 Kg7 28. Kd2 Kf6 29. Ke3 a5 30. a4 Kg7 31. Ke4 Kf6 32. Rxc5 Rb8 33. Rcc7 Rf8 34. c4 Kg7 35. Ke5 1-0

[Event "Kuala Lumpur UM KPT op"]
[Site "Kuala Lumpur"]
[Date "2016.12.16"]
[Round "3"]
[White "Cheong, Jie Yao"]
[Black "Tan, Wei Hao"]
[Result "1-0"]
[WhiteElo "1622"]
[BlackElo "1891"]
[PlyCount "59"]
[EventDate "2016.12.16"]
[EventType "swiss"]
[EventRounds "9"]
[EventCountry "MAS"]
[SourceTitle "CBM 176 Extra"]
[Source "ChessBase"]
[SourceDate "2017.03.02"]
[SourceVersion "1"]
[SourceVersionDate "2017.03.02"]
[SourceQuality "1"]

1. e4 c5 2. Nf3 d6 3. d4 cxd4 4. Nxd4 Nf6 5. Nc3 a6 6. Bg5 e6 7. f4 Nbd7 8. Qf3 Qc7 9. 0-0-0 b5 10. f5 e5 11. Nb3 Be7 12. h4 Bb7 13. Bd3 b4 14. Nd5 Nxd5 15. exd5 a5 16. Bb5 f6 17. Be3 a4 18. Nd2 a3 19. b3 Qc3 20. Nc4 Bc8 21. Kb1 Ba6 22. Bxd7+ Kxd7 23. Rd3 Bxc4 24. Rxc3 bxc3 25. bxc4 Rab8+ 26. Ka1 Rb2 27. Rb1 Rhb8 28. Rxb2 Rxb2 29. Qe4 Ke8 30. Bc1 1-0

[Event "Penang op 6th"]
[Site "Penang"]
[Date "2014.12.11"]
[Round "7"]
[White "Cheong, Jie Yao"]
[Black "Tan, Fischer"]
[Result "1-0"]
[WhiteElo "1663"]
[BlackElo "1461"]
[PlyCount "51"]
[EventDate "2014.12.08"]
[EventType "swiss"]
[EventRounds "9"]
[EventCountry "MAS"]
[SourceTitle "CBM 163 Extra"]
[Source "ChessBase"]
[SourceDate "2014.12.23"]
[SourceVersion "1"]
[SourceVersionDate "2014.12.23"]
[SourceQuality "1"]

1. e4 d6 2. d4 c6 3. Nf3 e6 4. c4 Be7 5. Nc3 Nd7 6. Bd3 Nf8 7. d5 cxd5 8. cxd5 e5 9. Be3 Ng6 10. Rc1 Nf6 11. Nb5 Qa5+ 12. Bd2 Qd8 13. Nc7+ Kf8 14. Nxa8 Ne8 15. Qc2 Bg4 16. Nc7 Nf6 17. Nb5 a6 18. Na3 Bxf3 19. gxf3 Nh5 20. Qc7 Nhf4 21. Bf1 b5 22. Qxd8+ Bxd8 23. Rc6 Ke7 24. Bb4 Kf6 25. Rxd6+ Kg5 26. Rg1+ 1-0

[Event "Penang op 4th"]
[Site "Penang"]
[Date "2012.12.14"]
[Round "8"]
[White "Cheong, Jie Yao"]
[Black "Tan, Hong Ghee"]
[Result "0-1"]
[WhiteElo "1653"]
[BlackElo "2042"]
[PlyCount "98"]
[EventDate "2012.12.11"]
[EventType "swiss"]
[EventRounds "9"]
[EventCountry "MAS"]
[SourceTitle "EXT 2014"]
[Source "ChessBase"]
[SourceDate "2013.11.20"]
[SourceVersion "1"]
[SourceVersionDate "2013.11.20"]
[SourceQuality "1"]

1. e4 c5 2. Nc3 Nc6 3. g3 g6 4. Bg2 Bg7 5. f4 d6 6. Nf3 e6 7. 0-0 Nge7 8. d3 a6 9. Be3 0-0 10. Qd2 b5 11. Rab1 b4 12. Ne2 Rb8 13. a3 bxa3 14. bxa3 Bd7 15. Rb3 Rxb3 16. cxb3 Qa5 17. Qxa5 Nxa5 18. Rb1 Rb8 19. Nd2 Bb5 20. Nc1 Bc3 21. Bf3 Nec6 22. Nc4 Bxc4 23. dxc4 Nxc4 24. Na2 Bd4 25. Bxd4 Nxd4 26. Bd1 a5 27. Nc3 Ne3 28. Kf2 Nxd1+ 29. Nxd1 Nxb3 30. Nc3 c4 31. a4 f5 32. Rd1 Rd8 33. e5 d5 34. Ne2 d4 35. Nc1 Nxc1 36. Rxc1 d3 37. Rd1 c3 38. Ke3 d2 39. Ke2 Rd5 40. h3 c2 41. Rxd2 c1Q 42. Rxd5 exd5 43. Kd3 Qc4+ 44. Kd2 d4 45. g4 Qc3+ 46. Ke2 Qe3+ 47. Kf1 d3 48. gxf5 Qe2+ 49. Kg1 d2 0-1

[Event "World ol U16 11th"]
[Site "Istanbul"]
[Date "2012.09.05"]
[Round "10.13"]
[White "Cheong, Jie Yao"]
[Black "Pon, Matt"]
[Result "0-1"]
[WhiteElo "1691"]
[BlackElo "1832"]
[PlyCount "116"]
[EventDate "2012.08.29"]
[EventType "team-swiss"]
[EventRounds "10"]
[EventCountry "TUR"]
[SourceTitle "CBM 150 Extra"]
[Source "ChessBase"]
[SourceDate "2012.10.19"]
[SourceVersion "1"]
[SourceVersionDate "2012.10.19"]
[SourceQuality "1"]
[WhiteTeam "Malaysia (U16)"]
[BlackTeam "South Africa"]
[WhiteTeamCountry "MAS"]
[BlackTeamCountry "RSA"]

1. e4 e5 2. f4 exf4 3. Bc4 Ne7 4. Nc3 Ng6 5. d4 d6 6. Nf3 Be7 7. 0-0 0-0 8. Ne2 Nd7 9. Nxf4 Nb6 10. Nxg6 hxg6 11. Bb3 c6 12. c3 d5 13. Qe2 a5 14. a3 a4 15. Ba2 Be6 16. e5 Kh7 17. Qe3 Rh8 18. Ng5+ Bxg5 19. Qxg5 Qxg5 20. Bxg5 Nc8 21. Bb1 Kg8 22. Bc2 Nb6 23. Rae1 Rh5 24. Bc1 Nc8 25. Rf2 Ne7 26. Ref1 b6 27. Bd1 Rh8 28. Bg5 Kf8 29. Bc2 Ke8 30. h3 Rh5 31. Bxe7 Kxe7 32. Bd1 Rf5 33. g4 Rxf2 34. Rxf2 b5 35. Kg2 Kd7 36. Kg3 g5 37. Bc2 Ke7 38. Bf5 Rh8 39. Rh2 Rh4 40. Rf2 Rh8 41. Rf3 Rh6 42. Kf2 Rh8 43. Ke3 Rb8 44. Kd2 Rh8 45. Kc2 Rb8 46. Kc1 Ra8 47. Kb1 Rb8 48. Ka2 Rh8 49. b3 Bxf5 50. Rxf5 Rxh3 51. bxa4 bxa4 52. Rxg5 g6 53. Kb2 Rh2+ 54. Kb1 Ke6 55. Kc1 Ra2 56. Kb1 Rxa3 57. Kb2 Rb3+ 58. Kc2 Rb8 0-1

[Event "World ol U16 11th"]
[Site "Istanbul"]
[Date "2012.09.04"]
[Round "9.14"]
[White "Cheong, Jie Yao"]
[Black "Thybo, Jesper Sondergaard"]
[Result "0-1"]
[WhiteElo "1691"]
[BlackElo "2006"]
[PlyCount "125"]
[EventDate "2012.08.29"]
[EventType "team-swiss"]
[EventRounds "10"]
[EventCountry "TUR"]
[SourceTitle "CBM 150 Extra"]
[Source "ChessBase"]
[SourceDate "2012.10.19"]
[SourceVersion "1"]
[SourceVersionDate "2012.10.19"]
[SourceQuality "1"]
[WhiteTeam "Malaysia (U16)"]
[BlackTeam "Denmark (U16)"]
[WhiteTeamCountry "MAS"]
[BlackTeamCountry "DEN"]

1. e4 c6 2. d4 d5 3. exd5 cxd5 4. Bd3 Nc6 5. Nf3 Bg4 6. c3 e6 7. 0-0 Bd6 8. h3 Bh5 9. Re1 Bg6 10. Be3 Nf6 11. Qe2 Bxd3 12. Qxd3 Ne4 13. Nbd2 Nxd2 14. Qxd2 Qc7 15. Rac1 0-0 16. a3 Na5 17. Qc2 b5 18. Bd2 Nc4 19. Be3 Rab8 20. Nd2 Rb6 21. Ra1 Nxe3 22. Rxe3 a5 23. Rc1 Rc8 24. Ree1 Rc6 25. Qb3 b4 26. axb4 axb4 27. Nb1 Rb8 28. Qa4 Qb7 29. Rcd1 b3 30. Qa1 Ra8 31. Na3 Bxa3 32. bxa3 b2 33. Qa2 Rxc3 34. Rb1 Rcxa3 35. Qxb2 Qxb2 36. Rxb2 Rd3 37. Reb1 g6 38. Rb8+ Rxb8 39. Rxb8+ Kg7 40. Rb4 Rd1+ 41. Kh2 Kf6 42. Kg3 Rd3+ 43. Kh2 h5 44. g3 Kf5 45. Kg2 f6 46. Kf1 Ke4 47. Rb6 Kf3 48. Rxe6 Rd1+ 49. Re1 Rxe1+ 50. Kxe1 Ke4 51. Kd2 Kxd4 52. f3 g5 53. h4 gxh4 54. gxh4 Ke5 55. Kc3 Kf4 56. Kd4 Kxf3 57. Kxd5 f5 58. Kd4 f4 59. Ke5 Kg3 60. Ke4 f3 61. Kf5 f2 62. Kg5 f1Q 63. Kxh5 0-1